Southville International School and Colleges
Your cart is empty.
  • Cart
  • Lists
    Public lists Eva Luna New books Lux_list list_1
    Your lists Log in to create your own lists
  • Log in to your account
  • Your cookies
  • Search history
Southville International School and Colleges
  • Advanced search
  • Recent comments
  • Most popular
  • Libraries

Log in to your account

Log in with GOOGLE


If you do not have an external account, but do have a local account, you can still log in:

  1. Home
  2. MARC view: Science & math :
Normal view MARC view ISBD view

Science & math : (Record no. 112546)

[ view plain ]
MARC details
000 -LEADER
fixed length control field 00705nam a2200217 a 4500
001 - CONTROL NUMBER
control field 4057
005 - DATE AND TIME OF LATEST TRANSACTION
control field 20140414131939.0
008 - FIXED-LENGTH DATA ELEMENTS--GENERAL INFORMATION
fixed length control field 081215s19uu xx 00 eng d
020 ## - INTERNATIONAL STANDARD BOOK NUMBER
International Standard Book Number 0-439-59725-0
050 ## - LIBRARY OF CONGRESS CALL NUMBER
Classification number TR 372.3
Item number F33 2005
100 ## - MAIN ENTRY--PERSONAL NAME
Personal name Feldman, Jean Dr.
245 ## - TITLE STATEMENT
Title Science & math :
Remainder of title more than 100 delightful, skill-building ideas and activities for early learners. Grades PreK-K /
Statement of responsibility, etc by Dr. Jean Feldman.
260 ## - PUBLICATION, DISTRIBUTION, ETC. (IMPRINT)
Place of publication, distribution, etc New York :
Name of publisher, distributor, etc Scholastic,
Date of publication, distribution, etc c2005.
300 ## - PHYSICAL DESCRIPTION
Extent 48 p. : ill. ; cm.
440 ## - SERIES STATEMENT/ADDED ENTRY--TITLE
Title Best of Dr. Jean
650 ## - SUBJECT ADDED ENTRY--TOPICAL TERM
Topical term or geographic name as entry element Mathematics
General subdivision study and teaching (Primary).
650 ## - SUBJECT ADDED ENTRY--TOPICAL TERM
Topical term or geographic name as entry element Science
General subdivision Study and teaching (Primary).
Holdings
Withdrawn status Lost status Damaged status Use restrictions Home library Current library Shelving location Date acquired Source of acquisition Cost, normal purchase price Total Checkouts Full call number Barcode Date last seen Price effective from Koha item type
        Munich Library Munich Library Teachers Reference Section 12/15/2008   225.00   TR 372.3 F33 2005 M3883 04/14/2014 04/14/2014 Books
        Munich Library Munich Library Teachers Reference Section 01/25/2011   225.00   TR 372.3 F33 2005 M3877 04/14/2014 04/14/2014 Books
        Munich Library Munich Library Teachers Reference Section 01/25/2011   225.00   TR 372.3 F33 2005 M3870 04/14/2014 04/14/2014 Books

Science & math :

APA

Feldman J. D., . (2005). Science & math. New York: Scholastic.

Chicago

Feldman Jean Dr, . 2005. Science & math. New York: Scholastic.

Harvard

Feldman J. D., . (2005). Science & math. New York: Scholastic.

MLA

Feldman Jean Dr, . Science & math. New York: Scholastic. 2005.

  • Place hold
  • Print
  • Cite
  • Add to your cart (remove)
  • Save record
    BIBTEX Dublin Core MARCXML MARC (non-Unicode/MARC-8) MARC (Unicode/UTF-8) MARC (Unicode/UTF-8, Standard) MODS (XML) RIS
  • More searches
    Search for this title in:
    Other Libraries (WorldCat) Other Databases (Google Scholar) Online Stores (Bookfinder.com) Open Library (openlibrary.org)

Exporting to Dublin Core...

SOUTHVILLE LIBRARY

Southville International School and Colleges Library

1281 Tropical Ave. Cor. Luxembourg St., BF Homes International, Las Pinas City

Tel. No. 8256374 / 252358 Loc. 117/146

Powered by Koha